Finding God / (Record no. 4014)
[ view plain ]
| 000 -LEADER | |
|---|---|
| fixed length control field | 00464nam a22001817a 4500 |
| 003 - CONTROL NUMBER IDENTIFIER | |
| control field | GBCCL |
| 005 - DATE AND TIME OF LATEST TRANSACTION | |
| control field | 20241126110509.0 |
| 008 - FIXED-LENGTH DATA ELEMENTS--GENERAL INFORMATION | |
| fixed length control field | 171220b xxu||||| |||| 00| 0 eng d |
| 040 ## - CATALOGING SOURCE | |
| Transcribing agency | gbc |
| 082 ## - DEWEY DECIMAL CLASSIFICATION NUMBER | |
| Classification number | 248.4 |
| Item number | MOO |
| 100 ## - MAIN ENTRY--PERSONAL NAME | |
| Personal name | Moody, D. L. |
| 9 (RLIN) | 7772 |
| 245 ## - TITLE STATEMENT | |
| Title | Finding God / |
| Statement of responsibility, etc. | D. L. Moody |
| 260 ## - PUBLICATION, DISTRIBUTION, ETC. | |
| Place of publication, distribution, etc. | Chicago: |
| Name of publisher, distributor, etc. | Moody Press, |
| Date of publication, distribution, etc. | 1958 |
| 300 ## - PHYSICAL DESCRIPTION | |
| Extent | 159 p.; |
| Dimensions | 16 cm. |
| 440 ## - SERIES STATEMENT/ADDED ENTRY--TITLE | |
| Title | Moody Pocket Books |
| Volume/sequential designation | 34 |
| 9 (RLIN) | 7773 |
| 648 ## - SUBJECT ADDED ENTRY--CHRONOLOGICAL TERM | |
| Chronological term | Christian life |
| 9 (RLIN) | 9451 |
| 942 ## - ADDED ENTRY ELEMENTS (KOHA) | |
| Source of classification or shelving scheme | Dewey Decimal Classification |
| Koha item type | Books |
| Koha issues (borrowed), all copies | 1 |
| Withdrawn status | Lost status | Source of classification or shelving scheme | Damaged status | Not for loan | Home library | Current Library | Shelving location | Date acquired | Total checkouts | Full call number | Barcode | Date last seen | Date last checked out | Copy number | Price effective from | Koha item type |
|---|---|---|---|---|---|---|---|---|---|---|---|---|---|---|---|---|
| Dewey Decimal Classification | GRACE BIBLE COLLEGE | GRACE BIBLE COLLEGE | Ministry & Mission | 2017-12-20 | 1 | 248.4 MOO | 003424 | 2025-05-01 | 2018-04-24 | c.1 | 2017-12-20 | Books |